Star Wars Episode II Attack of the Clones Title Crawl Words - Statistics

General Stats
  • This quiz has been taken 14 times
  • The average score is 19 of 49
Answer Stats
Answer % Correct
the
100%
the
100%
the
100%
the
100%
the
100%
the
100%
in
83%
in
83%
galaxy
75%
Jedi
75%
Republic
67%
Senate
67%
Count
58%
Dooku,
58%
and
50%
Galactic
50%
of
50%
of
50%
Separatist
50%
peace
42%
to
42%
to
42%
have
33%
is
33%
Knights
33%
There
33%
for
25%
has
25%
it
25%
mysterious
25%
their
25%
leave
17%
movement,
17%
systems
17%
declared
8%
leadership
8%
limited
8%
made
8%
maintian
8%
order
8%
Several
8%
solar
8%
thousand
8%
unrest
8%
difficult
0%
intentions
0%
number
0%
This
0%
under
0%
No matching quizzes found
Score Distribution
Percent of People with Each Score
Percentile by Number Answered
Your Score History
You have not taken this quiz